|
|
|
|
| LEADER |
01368nam a2200301 a 4500 |
| 001 |
16115398 |
| 008 |
100628s2009 bg ab b 000 0 eng d |
| 010 |
|
|
|a 2010316561
|
| 020 |
|
|
|a 9789840802289
|
| 020 |
|
|
|a 9840802526
|
| 040 |
|
|
|a DLC
|c DLC
|d DLC
|d BD-DhAAL
|
| 082 |
0 |
0 |
|a 363.738095492
|2 22
|
| 100 |
1 |
|
|a Choudhury, A. M.
|q (Abdul Musawwir)
|
| 245 |
1 |
0 |
|a Protecting Bangladesh from natural disasters /
|c A.M. Choudhury.
|
| 260 |
|
|
|a Dhaka :
|b Academic Press and Publishers Library,
|c 2009.
|
| 300 |
|
|
|a xviii, 206 p. :
|b ill. (some col.), maps (some col.) ;
|c 23 cm.
|
| 546 |
|
|
|a Includes passages in Bengali.
|
| 504 |
|
|
|a Includes bibliographical references (198-202).
|
| 541 |
1 |
|
|e 00020471
|
| 650 |
|
0 |
|a Hazard mitigation
|z Bangladesh.
|
| 650 |
|
0 |
|a Emergency management
|z Bangladesh.
|
| 650 |
|
0 |
|a Natural disasters
|z Bangladesh
|x Prevention.
|
| 650 |
|
0 |
|a Natural disasters
|x Research
|z Bangladesh.
|
| 650 |
|
0 |
|a Disaster relief
|x Research
|z Bangladesh.
|
| 852 |
4 |
|
|a Ayesha Abed Library
|j General shelf
|
| 999 |
|
|
|c 9117
|d 9117
|
| 952 |
|
|
|0 0
|1 0
|2 ddc
|4 0
|6 363_738095492000000_CHO_2009
|7 0
|9 11358
|a BRACUL
|b BRACUL
|c GEN
|d 2010-06-29
|l 4
|m 22
|o 363.738095492 CHO
|p 3010020471
|r 2018-11-19
|s 2018-07-19
|t 1
|w 2010-06-29
|y BK
|
| 952 |
|
|
|0 0
|1 0
|2 ddc
|4 0
|6 363_738095492000000_CHO
|7 0
|9 59685
|a SCL
|b SCL
|c GEN
|d 2016-10-04
|g 400.00
|l 0
|o 363.738095492 CHO
|p 3020007545
|r 2016-10-04
|t 2
|w 2016-10-04
|y BK
|